000 00290nam a2200109Ia 4500
008 220216s9999 xx 000 0 und d
245 0 _aKultevat and keygene work on dandelion rubber
260 _bThe Rubber International
_c2013
300 _a46-47
650 _aDandelio rubber
942 _cJS
999 _c61894
_d61894